| 000 | 00834nam a22002537i 4500 | ||
|---|---|---|---|
| 999 |
_c22745 _d22745 |
||
| 003 | AR-CdUCM | ||
| 008 | 231027b20202020pe ado|| |||| 000 0 spa d | ||
| 020 | _a978-612-00-5220-4 | ||
| 040 |
_aMUNICIPALIDAD PROVINCIAL DEL CUSCO _cBIBLIOTECA MUNICIPAL DEL CUSCO |
||
| 041 | _hspa | ||
| 082 |
_a633.15 / P451 _bP451 |
||
| 100 |
_aPérez Campana, Duriel _949258 |
||
| 245 | _aCatálogo del Maíz Oriundo del Perú en Saraqolqa Cusco / | ||
| 260 |
_aCusco : _c2020. |
||
| 300 |
_a233 páginas. : _c21cm. |
||
| 500 | _zBibliográfica: páginas 227-229 | ||
| 505 | _aOrigen del maíz -- Taxonomía y biogeografía del maíz -- Tisiógena del maíz | ||
| 650 |
_aMaíz _920764 |
||
| 650 |
_aFisiógena _949084 |
||
| 650 |
_aBiogeografía _945180 |
||
| 650 |
_aTaxonomía _918622 |
||
| 942 |
_2ddc _cLIBROS |
||
| 945 |
_apebm _d2023-10-27 |
||